Educación literaria y práctica lingüística en educación primaria a través de Mindfulness (Record no. 202776)

MARC details
000 -CABECERA
campo de control de longitud fija 01412nab a2200265 a 4500
005 - FECHA Y HORA DE LA ÚLTIMA TRANSACCIÓN
campo de control 20251210064114.0
008 - ELEMENTOS DE LONGITUD FIJA--INFORMACIÓN GENERAL
campo de control de longitud fija 991125c2019 sp fr p o 000 0 spa d
035 ## - NÚMERO DE CONTROL DEL SISTEMA
Número de control de sistema UPN01000230681
040 ## - FUENTE DE LA CATALOGACIÓN
Centro catalogador/agencia de origen MX-MxUPN
Lengua de catalogación spa
Centro/agencia transcriptor MX-MxUPN
Normas de descripción aacr2
049 ## - COLECCIÓN
Colección ART-E
100 1# - ASIENTO PRINCIPAL--NOMBRE PERSONAL
Nombre de persona Vila Carneiro, Zaida
Enlace - Zaida.Vila@uclm.es
245 10 - MENCIÓN DE TÍTULO
Título Educación literaria y práctica lingüística en educación primaria a través de Mindfulness
Medio [recurso electrónico en línea]
506 0# - NOTA DE RESTRICCIONES AL ACCESO
Limitaciones de acceso Acceso abierto
520 3# - NOTA DE RESUMEN, ETC.
Sumario, etc. El presente artículo aborda el potencial didáctico de mindfulness en Educación Primaria. Primeramente, se expondrán los numerosos beneficios que conlleva su práctica para, a continuación, centrarnos en el ámbito educativo. Posteriormente, se planteará una propuesta para llevar esta filosofía al aula de Lengua y literatura, de manera que se trabajen los contenidos del currículo a la vez que se mejora la atención y concentración del alumnado.
650 #4 - ASIENTO SECUNDARIO DE MATERIA - TERMINO TEMATICO
Término de materia o nombre geográfico como elemento de entrada Literatura
9 (RLIN) 5741
650 #4 - ASIENTO SECUNDARIO DE MATERIA - TERMINO TEMATICO
Término de materia o nombre geográfico como elemento de entrada Educación primaria
9 (RLIN) 1552
653 0# - TERMINO DE INDIZACION - NO CONTROLADO
Término no controlado Educación literaria
653 0# - TERMINO DE INDIZACION - NO CONTROLADO
Término no controlado Didáctica de la lengua
653 0# - TERMINO DE INDIZACION - NO CONTROLADO
Término no controlado Mindfulness
773 ## - ENLACE AL DOCUMENTO FUENTE/ENTRADA DE REGISTRO ANFITRIÓN
Parte(s) relacionada(s) Vol. 38, no. 1 (2019 ), p. 131-138
Título Campo abierto : revista de educación
Número Internacional Normalizado para Publicaciones Seriadas 0213-9529
856 40 - LOCALIZACIÓN Y ACCESO ELECTRÓNICOS
Identificador Uniforme del Recurso <a href="https://mascvuex.unex.es/revistas/index.php/campoabierto/article/view/3153/2278">https://mascvuex.unex.es/revistas/index.php/campoabierto/article/view/3153/2278</a>
902 ## - ELEMENTOS DE DATOS B LOCAL, LDB (RLIN)
Creó RGJD/070223
Modificó RGJD/070223
905 ## - TIPO DE MATERIAL
Tipo de material Articulo
942 ## - ELEMENTOS DE PUNTO DE ACCESO ADICIONAL (KOHA)
Tipo de ítem Koha Artículo Electrónico
Holdings
Estado de retiro Estado de pérdida Estado dañado No para préstamo Código de colección Localización permanente Ubicación/localización actual Ubicación en estantería Fecha de adquisición Total de préstamos Fecha visto por última vez Identificador Uniforme del Recurso Precio válido a partir de Tipo de ítem Koha
        Acceso abierto Bib. Gregorio Torres Quintero Bib. Gregorio Torres Quintero En línea 07/02/2023   07/02/2023 https://mascvuex.unex.es/revistas/index.php/campoabierto/article/view/3153/2278 07/02/2023 Artículo Electrónico